|
|
|
|
| LEADER |
00000nam a2200000Ii 4500 |
| 001 |
DIGOLEJNK0514 |
| 003 |
NyNyDIG |
| 006 |
m o d |
| 007 |
cr ||||||||||| |
| 008 |
221022s2020 cl ob 000 0 spa d |
| 035 |
|
|
|a (OCoLC)1350507993
|
| 040 |
|
|
|a DGITA
|b eng
|e rda
|e pn
|c DGITA
|
| 020 |
|
|
|z 9789563928747
|
| 041 |
1 |
|
|a spa
|h por
|
| 043 |
|
|
|a s-bl---
|
| 050 |
1 |
4 |
|a KHD4613 ebook
|
| 100 |
1 |
|
|a Kzam Neto, Calilo Jorge,
|e author.
|
| 240 |
1 |
0 |
|a Norma de anistia no direito tributário.
|l Spanish
|s (Panez Solórzano and Sánchez Cerna)
|
| 245 |
1 |
3 |
|a La norma de amnistía en el derecho tributario /
|c Calilo Jorge Kzam Neto ; edición al cuidado de Carlos Antonio Agurto Gonzáles, Sonia Lidia Quequejana Mamani, Benigno Choque Cuenca ; traducción de Juan Carlos Panez Solórzano, Israel Sánchez Cerna.
|
| 264 |
|
1 |
|a Santiago, Chile :
|b Ediciones Olejnik,
|c [2020]
|
| 300 |
|
|
|a 1 online resource.
|
| 336 |
|
|
|a text
|b txt
|2 rdacontent
|
| 337 |
|
|
|a computer
|b c
|2 rdamedia
|
| 338 |
|
|
|a online resource
|b cr
|2 rdacarrier
|
| 347 |
|
|
|a text file
|2 rdaft
|
| 347 |
|
|
|b PDF
|
| 490 |
1 |
|
|a Biblioteca de derecho tributario. Colección Dr. Paulo de Barros Carvalho
|
| 504 |
|
|
|a Includes bibliographical references.
|
| 588 |
0 |
|
|a Online resource; title from PDF title page (Digitalia, viewed October 22, 2022)
|
| 650 |
|
0 |
|a Tax amnesty
|z Brazil.
|
| 655 |
|
0 |
|a Electronic books.
|
| 700 |
1 |
|
|a Agurto Gonzáles, Carlos Antonio,
|e editor.
|
| 700 |
1 |
|
|a Quequejana Mamani, Sonia Lidia,
|e editor.
|
| 700 |
1 |
|
|a Choque Cuenca, Benigno,
|e editor.
|
| 700 |
1 |
|
|a Panez Solórzano, Juan Carlos,
|e translator.
|
| 700 |
1 |
|
|a Sánchez Cerna, Israel,
|e translator.
|
| 700 |
1 |
|
|i Translation of:
|a Kzam Neto, Calilo Jorge.
|t Norma de anistia no direito tributário.
|
| 791 |
2 |
|
|a Digitalia (Firm),
|e distributor.
|
| 793 |
0 |
|
|g Digitalia eBook Collection:
|a Ediciones Olejnik
|
| 776 |
0 |
8 |
|i Print version:
|a Kzam Neto, Calilo Jorge.
|s Norma de anistia no direito tributário. Spanish (Panez Solórzano and Sánchez Cerna).
|t Norma de amnistía en el derecho tributario.
|b 2a edición.
|d Santiago, Chile : Ediciones Olejnik, 2020
|z 9789563928747
|
| 830 |
|
0 |
|a Biblioteca de derecho tributario (Ediciones Olejnik).
|p Colección Dr. Paulo de Barros Carvalho.
|
| 856 |
4 |
0 |
|3 Digitalia Hispánica
|u https://www.digitaliapublishing.com/a/104393/
|
| 910 |
|
|
|a Premium collection: 2022
|